000 00479nam a2200157Ia 4500
008 210716s2009 xx 000 0 und d
020 _a9788131714317
041 _aeng
082 _a658.4038 LAUK
100 _aLaudon, Kenneth C;Laudon Jane P.
245 _aManagement information systems: managing the digital firm.
_bManaging the digital firm.
250 _a10
260 _aNew Delhi
_bPearson Education
_c2009
300 _a731
650 _aManagement Information Systems
999 _c204136
_d204136